Is there a text in this class : (Record no. 5968)
[ view plain ]
| 000 -LEADER | |
|---|---|
| fixed length control field | 00619cam a22002052 4500 |
| 001 - CONTROL NUMBER | |
| control field | 0000002682 |
| 005 - DATE AND TIME OF LATEST TRANSACTION | |
| control field | 20151217151902.0 |
| 008 - FIXED-LENGTH DATA ELEMENTS--GENERAL INFORMATION | |
| fixed length control field | 070418s xx 000 0 eng d |
| 020 ## - INTERNATIONAL STANDARD BOOK NUMBER | |
| International Standard Book Number | 0674467264 : |
| Terms of availability | KES 300 |
| 040 ## - CATALOGING SOURCE | |
| Original cataloging agency | KABU |
| Transcribing agency | KABU |
| 050 #0 - LIBRARY OF CONGRESS CALL NUMBER | |
| Classification number | PN81 |
| Item number | .F57 |
| 100 1# - MAIN ENTRY--PERSONAL NAME | |
| Personal name | Fish, Stanley. |
| -- | 0000152153 |
| 245 10 - TITLE STATEMENT | |
| Title | Is there a text in this class : |
| Remainder of title | the authority of interpretive communities. |
| 260 ## - PUBLICATION, DISTRIBUTION, ETC. (IMPRINT) | |
| Place of publication, distribution, etc. | Cambridge, Mass : |
| Name of publisher, distributor, etc. | Harvard University Press, |
| Date of publication, distribution, etc. | 1980. |
| 300 ## - PHYSICAL DESCRIPTION | |
| Extent | viii, 394 p. |
| 650 #0 - SUBJECT ADDED ENTRY--TOPICAL TERM | |
| Topical term or geographic name as entry element | Criticism. |
| -- | 0000152154 |
| 908 ## - PUT COMMAND PARAMETER (RLIN) | |
| Put command parameter | 070418 |
| 950 ## - LOCAL HOLDINGS (RLIN) | |
| -- | 1 |
| Withdrawn status | Lost status | Source of classification or shelving scheme | Not for loan | Home library | Current library | Date acquired | Total Checkouts | Full call number | Barcode | Date last seen | Date last checked out | Price effective from | Koha item type |
|---|---|---|---|---|---|---|---|---|---|---|---|---|---|
| Library of Congress Classification | Kabarak, Main Campus | Kabarak, Main Campus | 17/12/2015 | 1 | PN81 .F57 | 008401 | 28/02/2023 | 16/02/2023 | 17/12/2015 | General Collection |